Pozdě k ránu /

Hlavní autor: Hlaváček, Karel, 1874-1898
Jazyk: Čeština
Vydáno: Praha : Kentaur, 1993
Vydání: 3., samost. vyd.
Fyzický popis: 41 s.
Knihy
Uloženo v:
LEADER 00785nam a2200277 a 4500
001 000008987
003 CZ BrMZK
005 20130503131058.0
007 ta
008 940405s1993 xr f 000 0 cze d
015 |a cnb000081706 
020 |a 80-85285-34-7  |c 32.00 
035 |a (OCoLC)30774467 
040 |a BOA001  |b cze 
080 |a 885.0-14  |2 MRF 
100 1 |a Hlaváček, Karel,  |d 1874-1898  |7 jk01041213  |4 aut 
245 1 0 |a Pozdě k ránu /  |c Karel Hlaváček 
250 |a 3., samost. vyd. 
260 |a Praha :  |b Kentaur,  |c 1993 
300 |a 41 s. 
910 |a BOA001  |b 1-0998.844  |b PK-0120.862 
920 |a 000045908 
962 |a 885.0-1 
990 |a BK 
991 |f B-HLA 
996 6 |b 2610008473  |c 1-0998.844  |l MZK  |r Sklad / do 1 hodiny  |n 74  |p p.v.  |w 000008987  |u 000010  |a 1  |e BOA001  |j MZK50  |s P